Statistics for 5 Most Popular Sports in Japan

Click here to take the quiz!

General Stats

  • This quiz has been taken 27 times
  • The average score is 3 of 5

Answer Stats

RankSport% Correct
1Baseball
96%
2Soccer/Football
96%
4Tennis
69%
5Golf
38%
3Sumo Wrestling
35%

Score Distribution

Percentile by Number Answered

Percent of People with Each Score

Your Score History

You have not taken this quiz